000 00619nam a2200205Ia 4500
003 IN-BaIIA
008 211028s9999 xx 000 0 eng d
020 _a0-571-18026-4
040 _cIIA Library
080 _a523.45(035)
_bPEE
100 _aPeek, Bertrand M.
_93364
245 4 _aThe planet Jupiter
_bthe observer's handbook
_cBertrand M. Peek
250 _a2nd ed.
260 _aLondon
_bFaber and Faber
_c1981
300 _a240p.
650 _aAstronomy and astrophysics thesaurus
650 _aPlanet Jupiter
_91376
650 _aPlanetary system
_9756
942 _cBK
999 _c7290
_d7290